000 00654cam a22002411 4500
001 6067315
003 ARRUPE
005 20160211122705.0
008 720703s1957 fr 000 0 fre
010 _a 57038538
035 _a(OCoLC)347700
040 _aDLC
_cODaWU
_dOCoLC
_dDLC
042 _apremarc
050 0 0 _aPQ2601.D323
_bP28
100 1 _aAdamov, Arthur.
_922264
245 1 0 _aPaolo Paoli.
_cby Adamov, Arthur.
260 _a[Paris]
_bGallimard
_c[1957]
300 _a286 p.;
_c19 cm.
440 3 _aLe Manteau d'Arlequin
_922265
500 _aA play.
906 _a7
_bcbc
_coclcrpl
_du
_encip
_f19
_gy-gencatlg
942 _2lcc
_cMONOGRAPH
999 _c124160
_d124160